000 00380 a2200169 4500
001 184428
020 _a85-16-03152-7
040 _cMagnum
100 _aLadeira, Julieta de Godoy
240 1 0 _aUm natal bem diferente
_lpor
245 1 0 _aUm natal bem diferente
300 _a78
362 0 _a2002
440 1 _aModerna
697 _aLITERATURA INFANTO-JUVENIL
942 _cBK
999 _c184428
_d184428